[Event "49th Continental Open"]
[Site "Sturbridge, MA"]
[Date "2019.08.16"]
[Round "5"]
[White "Bader, Jeremy"]
[Black "Jin, Derek"]
[Result "1/2-1/2"]
[WhiteElo "1899"]
[BlackElo "1898"]
[PlyCount "99"]
[EventDate "2019.08.??"]
[EventType "swiss"]
[EventRounds "9"]
[EventCountry "USA"]

1. e4 c5 2. Nf3 d6 3. d4 cxd4 4. Nxd4 Nf6 5. Nc3 Nc6 6. f3 e5 7. Nb3 Be7 8. Be3
Be6 9. Qd2 O-O 10. O-O-O a5 11. Bb5 Qc7 12. Qf2 Qb8 13. Kb1 Ne8 14. Nd5 Bxd5
15. exd5 Nc7 16. Be2 Nb4 17. c4 b5 18. a3 bxc4 19. Bxc4 Nba6 20. Nxa5 Qe8 21.
Nc6 Nb8 22. Nxe5 Qa4 23. Qc2 Bf6 24. Ng4 Bxb2 25. Qxa4 Rxa4 26. Bb3 Rxg4 27.
fxg4 Bxa3 28. Ka2 Bb4 29. Rc1 Nca6 30. Rc4 Nd7 31. Rhc1 Ne5 32. Rc8 Nc5 33.
Rxf8+ Kxf8 34. Bd1 Ne4 35. Rc8+ Ke7 36. Kb3 Bc5 37. Bf4 Bd4 38. Be2 Nc5+ 39.
Kc2 h6 40. Bb5 Ne4 41. h4 g5 42. Bc1 Kf6 43. h5 Nf2 44. Ba3 Nfxg4 45. Bxd6 Ne3+
46. Kb3 Nxd5 47. Bf8 Nf4 48. Rd8 Be3 49. Rd6+ Ne6 50. Ra6 1/2-1/2

[Event "49th Continental Open"]
[Site "Sturbridge, MA"]
[Date "2019.08.16"]
[Round "5"]
[White "Cheng, Michael"]
[Black "Barash, Anton"]
[Result "1/2-1/2"]
[WhiteElo "1954"]
[BlackElo "1996"]
[PlyCount "42"]
[EventDate "2019.08.??"]
[EventType "swiss"]
[EventRounds "9"]
[EventCountry "USA"]

1. d4 d5 2. c4 e6 3. Nc3 Be7 4. cxd5 exd5 5. Bf4 Nf6 6. Qc2 O-O 7. e3 b6 8. Nf3
c5 9. Be2 Nc6 10. O-O Bb7 11. Rfd1 Rc8 12. a3 Re8 13. dxc5 bxc5 14. Bc4 Na5 15.
Bb5 Rf8 16. Bd3 Qb6 17. Bf5 Rcd8 18. Na4 Qb5 19. Nc3 Qb6 20. Na4 Qb5 21. Nc3
Qb6 1/2-1/2

[Event "49th Continental Open"]
[Site "Sturbridge, MA"]
[Date "2019.08.16"]
[Round "4.1"]
[White "Zhou, Jianchao"]
[Black "Dragun, Kamil"]
[Result "1/2-1/2"]
[WhiteElo "2606"]
[BlackElo "2614"]
[PlyCount "44"]
[EventDate "2019.08.??"]
[EventType "swiss"]
[EventRounds "9"]
[EventCountry "USA"]

1. d4 Nf6 2. c4 e6 3. Nf3 d5 4. Nc3 c5 5. cxd5 Nxd5 6. g3 cxd4 7. Nxd5 Qxd5 8.
Qxd4 Qxd4 9. Nxd4 Bb4+ 10. Bd2 Bxd2+ 11. Kxd2 Bd7 12. Bg2 Nc6 13. Bxc6 Bxc6 14.
Nxc6 bxc6 15. Rhc1 O-O-O+ 16. Ke1 Kb7 17. Rc3 Rd5 18. Rac1 Rc8 19. Rb3+ Kc7 20.
Rbc3 Kb6 21. Rb3+ Kc7 22. Rbc3 Kb6 1/2-1/2

[Event "49th Continental Open"]
[Site "Sturbridge, MA"]
[Date "2019.08.16"]
[Round "4.2"]
[White "Zherebukh, Yaroslav"]
[Black "Steingrimsson, Hedinn"]
[Result "1/2-1/2"]
[WhiteElo "2631"]
[BlackElo "2547"]
[PlyCount "171"]
[EventDate "2019.08.??"]
[EventType "swiss"]
[EventRounds "9"]
[EventCountry "USA"]

1. Nf3 d5 2. b3 Bg4 3. Bb2 Nd7 4. g3 Ngf6 5. Bg2 e6 6. O-O Bd6 7. c4 O-O 8. d4
c6 9. Nbd2 h6 10. Ne5 Bf5 11. Nxd7 Qxd7 12. f3 Rfe8 13. e4 dxe4 14. fxe4 Bg4
15. Qc2 e5 16. c5 Bc7 17. d5 cxd5 18. Rxf6 gxf6 19. exd5 f5 20. Nc4 Rac8 21.
Qd2 Qb5 22. Qe3 Bb8 23. h3 Bh5 24. d6 Re6 25. Bxe5 Rxc5 26. d7 Rcxe5 27. d8=Q+
Re8 28. Qxh6 Rxd8 29. Qxh5 f4 30. Nxe5 Qxe5 31. Qg4+ Kf8 32. Rd1 Rxd1+ 33. Qxd1
fxg3 34. Kf1 Bc7 35. Qc2 b5 36. Bf3 b4 37. Kg2 Kg7 38. h4 f5 39. Qd2 a5 40.
Qg5+ Kf7 41. Qh5+ Ke7 42. Qh7+ Kd6 43. Qg6+ Ke7 44. Qh7+ Kf8 45. Qh6+ Qg7 46.
Qxg7+ Kxg7 47. Kf1 Kf6 48. Ke2 Ke5 49. Kd3 Kf4 50. Bg2 Kg4 51. Ke2 Bb6 52. Kd3
Kxh4 53. Ke2 Kg4 54. Kd3 Ba7 55. Ke2 Bf2 56. Kd3 Kf4 57. Ke2 Ke5 58. Kd3 Kd6
59. Kc4 Bg1 60. Bf3 Ke5 61. Kd3 Ba7 62. Bg2 Kf4 63. Ke2 Kg4 64. Kd3 Bb6 65. Ke2
f4 66. Bf3+ Kh3 67. Kf1 g2+ 68. Bxg2+ Kg3 69. Bd5 f3 70. Bc6 Kf4 71. Bb7 Ke3
72. Bc6 Ba7 73. Ba8 f2 74. Bc6 Kd2 75. Ba4 Kc3 76. Ke2 Kb2 77. Kf1 Kxa2 78. Ke2
Kb2 79. Kf1 Kc3 80. Ke2 Bb6 81. Kf1 Kd2 82. Bb5 Kd1 83. Ba4 Ba7 84. Bb5 Kc2 85.
Ba4 Kd3 86. Bb5+ 1/2-1/2

[Event "49th Continental Open"]
[Site "Sturbridge, MA"]
[Date "2019.08.16"]
[Round "4.3"]
[White "Azarov, Sergei"]
[Black "Mikhalevski, Victor"]
[Result "1/2-1/2"]
[WhiteElo "2589"]
[BlackElo "2578"]
[PlyCount "47"]
[EventDate "2019.08.??"]
[EventType "swiss"]
[EventRounds "9"]
[EventCountry "USA"]

1. e4 e5 2. Nf3 Nc6 3. Bb5 a6 4. Ba4 Nf6 5. d3 b5 6. Bb3 Bc5 7. O-O d6 8. c3 h6
9. a4 Rb8 10. Bc2 b4 11. d4 Ba7 12. h3 O-O 13. Be3 bxc3 14. bxc3 exd4 15. cxd4
Nb4 16. Nc3 Nxc2 17. Qxc2 Bb7 18. Rfe1 Re8 19. d5 Bxe3 20. Rxe3 c6 21. dxc6
Bxc6 22. Rd1 Qa5 23. Nd4 Bd7 24. Qd2 1/2-1/2

[Event "49th Continental Open"]
[Site "Sturbridge, MA"]
[Date "2019.08.16"]
[Round "4.4"]
[White "Nyzhnyk, Illya"]
[Black "Sheng, Joshua"]
[Result "1-0"]
[WhiteElo "2666"]
[BlackElo "2483"]
[PlyCount "71"]
[EventDate "2019.08.??"]
[EventType "swiss"]
[EventRounds "9"]
[EventCountry "USA"]

1. c4 e6 2. Nf3 d5 3. e3 g6 4. Nc3 Bg7 5. d4 Ne7 6. Be2 O-O 7. O-O Nbc6 8. Qc2
e5 9. Nxe5 Nxe5 10. dxe5 Bxe5 11. cxd5 Nxd5 12. Rd1 c6 13. e4 Nb4 14. Qa4 Qe7
15. a3 Na6 16. Bxa6 bxa6 17. Qxc6 Bg4 18. Rd3 Rad8 19. Nd5 Qh4 20. g3 Qh3 21.
Bg5 Rd6 22. Qc2 Rxd5 23. exd5 f6 24. Bd2 Rc8 25. Bc3 Bf5 26. Re1 Rc4 27. Qd2
Bxd3 28. Qxd3 Rh4 29. Re3 Qxh2+ 30. Kf1 Rh5 31. Bxe5 fxe5 32. g4 Qh1+ 33. Ke2
Rh2 34. d6 Qg2 35. Rf3 Rh1 36. Qd5+ 1-0

[Event "49th Continental Open"]
[Site "Sturbridge, MA"]
[Date "2019.08.16"]
[Round "4"]
[White "Yanayt, Eugene"]
[Black "Cordova, Emilio"]
[Result "1/2-1/2"]
[WhiteElo "2264"]
[BlackElo "2599"]
[PlyCount "82"]
[EventDate "2019.08.??"]
[EventType "swiss"]
[EventRounds "9"]
[EventCountry "USA"]

1. d4 Nf6 2. c4 e6 3. Nf3 b6 4. a3 Ba6 5. Qc2 Bb7 6. Nc3 c5 7. e4 cxd4 8. Nxd4
Bc5 9. Nb3 Nc6 10. Be2 Nd4 11. Nxd4 Bxd4 12. f3 Qb8 13. g3 Be5 14. Be3 O-O 15.
Rd1 Re8 16. Bd4 Bxd4 17. Rxd4 a6 18. Qd2 e5 19. Rd3 Qc7 20. b3 h6 21. Kf1 b5
22. cxb5 d5 23. Nxd5 Nxd5 24. exd5 axb5 25. Qb4 Red8 26. d6 Qc1+ 27. Kg2 Qxa3
28. Qxa3 Rxa3 29. Rhd1 b4 30. Re3 f6 31. Bc4+ Kf8 32. Rd2 Ra1 33. h4 g5 34.
hxg5 hxg5 35. Kf2 Rh1 36. Kg2 Rc1 37. Kf2 Bc6 38. Ree2 Kg7 39. Be6 Bd7 40. Bxd7
Rxd7 41. Re4 Rc6 1/2-1/2

[Event "49th Continental Open"]
[Site "Sturbridge, MA"]
[Date "2019.08.16"]
[Round "4"]
[White "Balakrishnan, Praveen"]
[Black "Mishra, Abhimanyu"]
[Result "1/2-1/2"]
[WhiteElo "2433"]
[BlackElo "2304"]
[PlyCount "148"]
[EventDate "2019.08.??"]
[EventType "swiss"]
[EventRounds "9"]
[EventCountry "USA"]

1. Nf3 Nf6 2. c4 g6 3. Nc3 d5 4. cxd5 Nxd5 5. h4 Bg7 6. h5 Nc6 7. g3 Bf5 8. Qb3
Nb6 9. d3 O-O 10. Bg2 a5 11. hxg6 hxg6 12. Na4 Be6 13. Qd1 Bg4 14. Bd2 Qd6 15.
Nxb6 cxb6 16. Qa4 Nb4 17. a3 b5 18. Qb3 Nc6 19. Bc3 b4 20. axb4 axb4 21. Rxa8
Rxa8 22. Bxg7 Bxf3 23. Bxf3 Kxg7 24. Kd2 Nd4 25. Qd5 Nxf3+ 26. Qxf3 Qd4 27. Qe4
Qxb2+ 28. Ke3 Ra2 29. Kf3 Qf6+ 30. Kg2 b3 31. Rb1 Rb2 32. Rc1 Rc2 33. Rb1 b2
34. d4 Rd2 35. Qe3 Qc6+ 36. d5 Qxd5+ 37. f3 Rc2 38. Rxb2 Rxb2 39. Qc3+ f6 40.
Qxb2 b5 41. Qb4 Kf7 42. Qh4 g5 43. Qh7+ Ke8 44. Qh8+ Kd7 45. Qb8 Qc4 46. e4 b4
47. Kh3 b3 48. Kg4 Kc6 49. Qe8+ Kc5 50. Qxe7+ Kd4 51. Qxf6+ Kd3 52. Qa1 Kc2 53.
Qe1 b2 54. Qf2+ Kb3 55. Qb6+ Qb4 56. Qe3+ Kc4 57. Qe2+ Kd4 58. Qd1+ Kc5 59.
Qd5+ Kb6 60. Qd8+ Ka7 61. Qc7+ Qb7 62. Qa5+ Kb8 63. Qe5+ Kc8 64. Qc3+ Kd8 65.
Qf6+ Kc7 66. Qe5+ Kc6 67. Qc3+ Kd6 68. Qf6+ Kd7 69. Qg7+ Kc8 70. Qc3+ Kb8 71.
Qe5+ Ka8 72. Qa5+ Qa7 73. Qd5+ Qb7 74. Qa5+ Kb8 1/2-1/2

[Event "49th Continental Open"]
[Site "Sturbridge, MA"]
[Date "2019.08.16"]
[Round "4"]
[White "Kiewra, Keaton"]
[Black "Kavi, Nithin"]
[Result "1-0"]
[WhiteElo "2360"]
[BlackElo "1963"]
[PlyCount "53"]
[EventDate "2019.08.??"]
[EventType "swiss"]
[EventRounds "9"]
[EventCountry "USA"]

1. d4 Nf6 2. Bg5 c5 3. Nc3 cxd4 4. Qxd4 Nc6 5. Qh4 e6 6. O-O-O Be7 7. e4 d6 8.
f4 Qa5 9. Nf3 a6 10. Qe1 O-O 11. e5 dxe5 12. fxe5 Nd7 13. Bxe7 Nxe7 14. Nd5 Qd8
15. Nf4 Qc7 16. Bd3 Ng6 17. Bxg6 hxg6 18. Qh4 Re8 19. Ng5 Nf8 20. Rd3 f6 21.
exf6 gxf6 22. Ne4 Nh7 23. Nxg6 f5 24. Nd6 Bd7 25. Ne7+ Rxe7 26. Qxe7 f4 27. Rh3
1-0

[Event "49th Continental Open"]
[Site "Sturbridge, MA"]
[Date "2019.08.16"]
[Round "4"]
[White "Rajesh, C.S."]
[Black "Sevian, Samuel"]
[Result "0-1"]
[WhiteElo "2145"]
[BlackElo "2665"]
[PlyCount "84"]
[EventDate "2019.08.??"]
[EventType "swiss"]
[EventRounds "9"]
[EventCountry "USA"]

1. c4 e5 2. Nc3 Nc6 3. g3 Bc5 4. Bg2 a6 5. e3 d6 6. Nge2 Ba7 7. d4 exd4 8. Nxd4
Ne5 9. h3 Nf6 10. O-O Rb8 11. b3 O-O 12. Bb2 c6 13. Kh2 Re8 14. Nf3 Bf5 15.
Nxe5 dxe5 16. e4 Bg6 17. Qc2 h5 18. Rad1 Qe7 19. Rd2 h4 20. g4 Nh7 21. Nd1 Rbd8
22. Re2 Qg5 23. Bc1 Qf6 24. Ne3 Ng5 25. Nf5 Ne6 26. Be3 Bd4 27. Qc1 Rd7 28. Bd2
Nf4 29. Bxf4 exf4 30. Bf3 Red8 31. Nxd4 Rxd4 32. e5 Qe6 33. Rfe1 a5 34. Qa3 Rd3
35. Be4 Bxe4 36. Rxe4 Rxh3+ 37. Kxh3 Rd3+ 38. R1e3 fxe3 39. Rxe3 Rxe3+ 40. fxe3
Qxe5 41. Kxh4 Qh2+ 42. Kg5 f6+ 0-1

[Event "49th Continental Open"]
[Site "Sturbridge, MA"]
[Date "2019.08.16"]
[Round "4"]
[White "Arun, Siddharth"]
[Black "Escalante Ramirez, Brian Sebasti"]
[Result "0-1"]
[WhiteElo "2045"]
[BlackElo "2452"]
[PlyCount "68"]
[EventDate "2019.08.??"]
[EventType "swiss"]
[EventRounds "9"]
[EventCountry "USA"]

1. e4 e6 2. d4 d5 3. exd5 exd5 4. Nf3 Bg4 5. Be2 Nc6 6. c3 Qd7 7. Bf4 f6 8.
Nbd2 h5 9. h3 Be6 10. Qa4 g5 11. Be3 Nce7 12. Qxd7+ Kxd7 13. Nb3 b6 14. O-O-O
Ng6 15. g3 Bd6 16. Ne1 N8e7 17. Ng2 Nf5 18. Bd3 Nxe3 19. Nxe3 Ne7 20. h4 Raf8
21. Nd2 g4 22. c4 c6 23. a3 f5 24. b4 f4 25. gxf4 Rxf4 26. b5 cxb5 27. cxd5
Bxa3+ 28. Kc2 Nxd5 29. Bxb5+ Ke7 30. Nxd5+ Bxd5 31. Rhe1+ Kf6 32. Re5 Rxd4 33.
Re3 Rc8+ 34. Rc3 Rc5 0-1

[Event "49th Continental Open"]
[Site "Sturbridge, MA"]
[Date "2019.08.16"]
[Round "4"]
[White "Wu, Brandon"]
[Black "Lapshun, Yury"]
[Result "1/2-1/2"]
[WhiteElo "2023"]
[BlackElo "2391"]
[PlyCount "65"]
[EventDate "2019.08.??"]
[EventType "swiss"]
[EventRounds "9"]
[EventCountry "USA"]

1. Nf3 d5 2. c4 d4 3. b4 g5 4. Bb2 Bg7 5. Nxg5 e5 6. Ne4 f5 7. Ng3 Nf6 8. e3
O-O 9. Nh5 Nxh5 10. Qxh5 d3 11. g4 Nc6 12. a3 fxg4 13. h3 g3 14. fxg3 Qf6 15.
Bxd3 Qf2+ 16. Kd1 Bf5 17. Bxf5 Rxf5 18. Qe2 Qxg3 19. Nc3 Rf2 20. Ne4 Rxe2 21.
Nxg3 Rg2 22. Ne4 Bh6 23. Nf6+ Kf7 24. Nd5 Rd8 25. Kc2 Bxe3 26. Nxe3 Rdxd2+ 27.
Kc3 Rxb2 28. Nxg2 Rxg2 29. Rhg1 Rh2 30. Rh1 Rg2 31. Rhg1 Rh2 32. Rh1 Rg2 33.
Rhg1 1/2-1/2

[Event "49th Continental Open"]
[Site "Sturbridge, MA"]
[Date "2019.08.16"]
[Round "4"]
[White "Matsumura, Cocoro"]
[Black "Mulyar, Michael"]
[Result "0-1"]
[WhiteElo "1829"]
[BlackElo "2382"]
[PlyCount "122"]
[EventDate "2019.08.??"]
[EventType "swiss"]
[EventRounds "9"]
[EventCountry "USA"]

1. e4 e5 2. Nf3 Nc6 3. Bb5 a6 4. Ba4 Nf6 5. O-O b5 6. Bb3 Bc5 7. c3 d6 8. Re1
O-O 9. h3 h6 10. d4 Bb6 11. dxe5 Nxe5 12. Bf4 Bb7 13. Bc2 Nfd7 14. Nbd2 Qf6 15.
Bg3 Rfe8 16. a4 Nc5 17. a5 Ba7 18. Nxe5 dxe5 19. Qf3 Qg5 20. Rad1 Rad8 21. Nf1
Rxd1 22. Rxd1 Qg6 23. Re1 f6 24. Qe3 Qg5 25. Qxg5 hxg5 26. b4 Na4 27. c4 Bd4
28. cxb5 axb5 29. Ne3 Bc3 30. Rb1 Kf8 31. f3 Rd8 32. Bf2 Nb2 33. Bb3 Nd3 34. a6
Bxa6 35. Nd5 Nxf2 36. Kxf2 Bd4+ 37. Kg3 c6 38. Nc7 Bc8 39. Ne6+ Bxe6 40. Bxe6
Ke7 41. Bf5 Ra8 42. Rc1 Kd6 43. Bg6 Ra3 44. Kg4 Rc3 45. Rb1 Rc2 46. Kg3 Rb2 47.
Rxb2 Bxb2 48. Kg4 Bc3 49. Kf5 Ke7 50. Bh5 Bxb4 51. Kg6 c5 52. Kxg7 Bd2 53. Bf7
c4 54. Bd5 Bf4 55. Kg6 Kd6 56. Kxf6 Kc5 57. g3 Bxg3 58. Kxg5 b4 59. h4 Bf4+ 60.
Kf5 b3 61. h5 b2 0-1

[Event "49th Continental Open"]
[Site "Sturbridge, MA"]
[Date "2019.08.16"]
[Round "4"]
[White "Thomforde-Toates, Noah"]
[Black "Yu, Alex"]
[Result "1/2-1/2"]
[WhiteElo "2178"]
[BlackElo "1831"]
[PlyCount "164"]
[EventDate "2019.08.??"]
[EventType "swiss"]
[EventRounds "9"]
[EventCountry "USA"]

1. c4 Nf6 2. Nf3 g6 3. g3 Bg7 4. Bg2 O-O 5. O-O d6 6. Nc3 e5 7. d3 Nbd7 8. Rb1
Nh5 9. b4 h6 10. Qb3 Kh7 11. Ba3 f5 12. c5 dxc5 13. bxc5 c6 14. Rfd1 Qe7 15.
Nd2 Nhf6 16. Nc4 Ne8 17. Na4 Ndf6 18. Nd6 Nxd6 19. cxd6 Qf7 20. d7 Qxb3 21.
Rxb3 Nxd7 22. Bxf8 Bxf8 23. Rdb1 Nc5 24. Nxc5 Bxc5 25. Rxb7+ Bxb7 26. Rxb7+ Kh8
27. Bxc6 Rc8 28. Bd7 Rd8 29. Bb5 Rd6 30. a4 a6 31. Bc4 e4 32. Rb8+ Kg7 33. Ra8
e3 34. fxe3 Bxe3+ 35. Kg2 Rb6 36. Rxa6 Rb1 37. Re6 Rg1+ 38. Kf3 Bd2 39. Kf2 Rh1
40. Kg2 Re1 41. d4 Bc3 42. e3 Bd2 43. Kf2 Ra1 44. Re7+ Kf8 45. Rf7+ Ke8 46. Rb7
Ra3 47. Rb3 Rxb3 48. Bxb3 Ke7 49. Kf3 Bc3 50. g4 Kf6 51. gxf5 gxf5 52. Bc2 Bb4
53. Bd3 Ba5 54. Ba6 Bc7 55. h3 Ba5 56. Bc8 Bb6 57. Ke2 Ba5 58. Kd3 Be1 59. Bb7
Ke6 60. Kc4 Bd2 61. e4 fxe4 62. Bxe4 Kd6 63. Kb5 Be3 64. d5 Bg1 65. a5 Bf2 66.
Ka6 Kc7 67. Kb5 Kd6 68. a6 Ba7 69. Kc4 Bg1 70. h4 Bf2 71. Bg2 Kc7 72. Kd3 Bxh4
73. d6+ Kb6 74. Bb7 Bg3 75. d7 Bh4 76. Ke4 Bd8 77. Kf5 h5 78. Kg6 h4 79. Kf7 h3
80. Ke8 Bc7 81. d8=Q Bxd8 82. Kxd8 h2 1/2-1/2

[Event "49th Continental Open"]
[Site "Sturbridge, MA"]
[Date "2019.08.16"]
[Round "4"]
[White "Rade, Danny"]
[Black "Poliannikov, Danila"]
[Result "0-1"]
[WhiteElo "1984"]
[BlackElo "2093"]
[PlyCount "100"]
[EventDate "2019.08.??"]
[EventType "swiss"]
[EventRounds "9"]
[EventCountry "USA"]

1. d4 Nf6 2. Nf3 d6 3. c4 g6 4. Nc3 Bg7 5. Bg5 O-O 6. e3 Nbd7 7. Be2 e5 8. Qc2
c6 9. Rd1 Qe7 10. O-O Re8 11. dxe5 dxe5 12. Ne4 h6 13. Bxf6 Nxf6 14. Nd6 Rd8
15. c5 Ne8 16. Nxc8 Raxc8 17. Nd2 Nf6 18. b4 b5 19. Ne4 Ne8 20. a4 a6 21. Qa2
Kh7 22. axb5 axb5 23. Rxd8 Rxd8 24. g4 Rd7 25. Qa8 Qe6 26. Ra1 f5 27. gxf5 gxf5
28. Ng3 Nc7 29. Qa2 Qg6 30. Kh1 Nd5 31. Qc2 e4 32. Rb1 Ra7 33. Qb3 Ra4 34. Bh5
Qe6 35. Qc2 Nxb4 36. Qd1 Nd3 37. Kg1 Nxc5 38. Be2 Ra2 39. Nh5 Bc3 40. Bf1 Rd2
41. Qc1 b4 42. Nf4 Qg8+ 43. Bg2 Qa2 44. Qf1 Rxf2 45. Qxf2 Qxb1+ 46. Bf1 Qe1 47.
Qxe1 Bxe1 48. Bh3 b3 49. Bxf5+ Kh8 50. Ne6 b2 0-1

[Event "49th Continental Open"]
[Site "Sturbridge, MA"]
[Date "2019.08.16"]
[Round "4"]
[White "Krishnakumar, Sriram"]
[Black "Taylor, Steven"]
[Result "1-0"]
[WhiteElo "1854"]
[BlackElo "2045"]
[PlyCount "63"]
[EventDate "2019.08.??"]
[EventType "swiss"]
[EventRounds "9"]
[EventCountry "USA"]

1. e4 c5 2. Nf3 Nc6 3. d4 cxd4 4. Nxd4 Nf6 5. Nc3 d6 6. Bc4 Bd7 7. f3 Qb6 8.
Nxc6 Bxc6 9. Bb3 e6 10. Qe2 Be7 11. Be3 Qa5 12. O-O O-O 13. Rad1 b5 14. Bf2
Rfe8 15. Qd2 b4 16. Ne2 d5 17. e5 Nd7 18. f4 Rac8 19. a3 Ba4 20. Nd4 Bxb3 21.
Nxb3 Qc7 22. Nd4 bxa3 23. bxa3 Nc5 24. Nb5 Qd7 25. c4 Ne4 26. Qd3 Nxf2 27. Kxf2
Bc5+ 28. Kg3 Qb7 29. cxd5 exd5 30. Rb1 Re6 31. Nd6 Rg6+ 32. Qxg6 1-0

[Event "49th Continental Open"]
[Site "Sturbridge, MA"]
[Date "2019.08.16"]
[Round "4"]
[White "Chen, Maxwell"]
[Black "Bader, Jeremy"]
[Result "1-0"]
[WhiteElo "1808"]
[BlackElo "1899"]
[PlyCount "78"]
[EventDate "2019.08.??"]
[EventType "swiss"]
[EventRounds "9"]
[EventCountry "USA"]

1. c4 Nf6 2. g3 g6 3. Bg2 Bg7 4. Nc3 d6 5. e3 e5 6. d4 exd4 7. exd4 O-O 8. Nge2
Re8 9. O-O Nc6 10. h3 Bf5 11. Be3 Nb4 12. g4 Bc8 13. Qd2 c6 14. Bg5 Qc7 15. Bf4
Qd8 16. a3 Na6 17. Rac1 Nc7 18. d5 c5 19. Ng3 h5 20. gxh5 Nxh5 21. Nxh5 gxh5
22. Ne4 Rxe4 23. Bxe4 Bxh3 24. Bg2 Bf5 25. Bg5 Qd7 26. Rfe1 Re8 27. Rxe8+ Nxe8
28. Re1 Nf6 29. Bh6 Bh8 30. Qg5+ Bg6 31. Qg3 Ng4 32. Bh3 Bxb2 33. f3 Bd4+ 34.
Kg2 Qa4 35. fxg4 Qc2+ 36. Kh1 Be4+ 37. Bg2 Bf2 38. Bxe4 Bxg3 39. Bxc2 Bxe1 1-0

[Event "49th Continental Open"]
[Site "Sturbridge, MA"]
[Date "2019.08.16"]
[Round "4"]
[White "Times, Lawyer"]
[Black "Yan, Benjamin"]
[Result "1-0"]
[WhiteElo "2139"]
[BlackElo "1952"]
[PlyCount "107"]
[EventDate "2019.08.??"]
[EventType "swiss"]
[EventRounds "9"]
[EventCountry "USA"]

1. d4 Nf6 2. Nf3 g6 3. g3 Bg7 4. Bg2 O-O 5. O-O d6 6. c4 c5 7. d5 e6 8. Nc3
exd5 9. cxd5 a6 10. a4 b6 11. Bf4 Nh5 12. Bg5 f6 13. Bc1 f5 14. Ng5 Qe7 15. Ne6
Rf7 16. Nxg7 Kxg7 17. Re1 Nf6 18. e4 Qf8 19. e5 dxe5 20. Rxe5 Nbd7 21. Re6 Bb7
22. Bf4 b5 23. axb5 axb5 24. Rxa8 Qxa8 25. Nxb5 Nxd5 26. Nd6 Nxf4 27. Bxb7 Qxb7
28. Rxg6+ hxg6 29. Nxb7 Ne6 30. Qd6 Nf6 31. Nxc5 Nxc5 32. Qxc5 Nd7 33. Qd4+ Kf8
34. b4 Ke7 35. b5 Rf6 36. h4 Rd6 37. Qb4 Nb6 38. Kg2 Nd5 39. Qc5 Ke6 40. Qc8+
Ke5 41. Kh3 Rb6 42. f3 Kd4 43. h5 gxh5 44. Qxf5 Rxb5 45. Qe4+ Kc5 46. f4 Rb6
47. Qe8 Nf6 48. Qe5+ Kc4 49. Kh4 Kb4 50. f5 Kc4 51. Kg5 Kd3 52. Qxf6 Rxf6 53.
Kxf6 Ke4 54. Kg5 1-0

[Event "49th Continental Open"]
[Site "Sturbridge, MA"]
[Date "2019.08.16"]
[Round "3.1"]
[White "Mikhalevski, Victor"]
[Black "Zherebukh, Yaroslav"]
[Result "1/2-1/2"]
[WhiteElo "2578"]
[BlackElo "2631"]
[PlyCount "139"]
[EventDate "2019.08.??"]
[EventType "swiss"]
[EventRounds "9"]
[EventCountry "USA"]

1. d4 Nf6 2. c4 g6 3. Nc3 d5 4. cxd5 Nxd5 5. e4 Nxc3 6. bxc3 Bg7 7. Nf3 c5 8.
Be3 Qa5 9. Qd2 O-O 10. Rc1 Nd7 11. d5 Nf6 12. c4 Qxd2+ 13. Nxd2 b6 14. f3 Nd7
15. g4 f5 16. gxf5 gxf5 17. exf5 Ne5 18. Rg1 Bxf5 19. Bh6 Ng6 20. Bxg7 Kxg7 21.
Kf2 Rad8 22. Ke3 e6 23. dxe6 Kh6 24. Rg3 Bxe6 25. Bh3 Nf4 26. Bf1 Nh5 27. Rg1
Bf5 28. Ne4 Bg6 29. a4 Rd4 30. Rg4 Ng7 31. Rh4+ Bh5 32. Rf4 Nf5+ 33. Kf2 Rdd8
34. Be2 Bg6 35. a5 Nd4 36. Rxf8 Rxf8 37. Nd2 bxa5 38. Ra1 Rb8 39. Ra2 Kg5 40.
Bd1 Kf4 41. Rxa5 Rb2 42. Ke1 Nc6 43. Rxc5 Nb4 44. Rc8 Nd3+ 45. Ke2 Nc1+ 46. Ke1
Ke3 47. Nf1+ Kd4 48. Ng3 Nd3+ 49. Kf1 Rb1 50. Ke2 Nb2 51. Rd8+ Kc3 52. Rd2 Bd3+
53. Ke1 Nxc4 54. Ra2 Nb2 55. Ne2+ Kc4 56. Nc1 a5 57. Kd2 Nxd1 58. Nxd3 Nc3 59.
Ne5+ Kb3 60. Rxa5 Rb2+ 61. Kd3 Rxh2 62. Rc5 Nd1 63. Rb5+ Ka4 64. Rb1 Nf2+ 65.
Ke3 Nh3 66. Rb7 h5 67. Rh7 Ng5 68. Rg7 Ne6 69. Rg6 Nc5 70. Nd3 1/2-1/2

[Event "49th Continental Open"]
[Site "Sturbridge, MA"]
[Date "2019.08.16"]
[Round "3.2"]
[White "Dragun, Kamil"]
[Black "Steingrimsson, Hedinn"]
[Result "1/2-1/2"]
[WhiteElo "2614"]
[BlackElo "2547"]
[PlyCount "76"]
[EventDate "2019.08.??"]
[EventType "swiss"]
[EventRounds "9"]
[EventCountry "USA"]

1. c4 Nf6 2. Nc3 c5 3. Nf3 Nc6 4. d4 cxd4 5. Nxd4 e6 6. Bf4 Bb4 7. Ndb5 O-O 8.
Bc7 Qe7 9. Bd6 Bxd6 10. Qxd6 Qxd6 11. Nxd6 Ne8 12. O-O-O Nxd6 13. Rxd6 Ne5 14.
e4 f6 15. Be2 Rd8 16. f4 Nf7 17. Rd2 Kf8 18. Bh5 g6 19. Bf3 Ke7 20. b3 Rb8 21.
Rhd1 a6 22. Kb2 b6 23. a4 a5 24. Nb5 g5 25. Bh5 gxf4 26. Bxf7 Kxf7 27. Rf1 Ke7
28. Rxf4 Bb7 29. Nd6 Rg8 30. e5 Rg6 31. exf6+ Rxf6 32. Rxf6 Kxf6 33. Nxb7 Rxb7
34. Rd3 Ke5 35. Kc3 d5 36. Re3+ Kd6 37. cxd5 exd5 38. Rf3 Ke5 1/2-1/2

[Event "49th Continental Open"]
[Site "Sturbridge, MA"]
[Date "2019.08.16"]
[Round "3.3"]
[White "Stripunsky, Alexander"]
[Black "Zhou, Jianchao"]
[Result "0-1"]
[WhiteElo "2520"]
[BlackElo "2606"]
[PlyCount "64"]
[EventDate "2019.08.??"]
[EventType "swiss"]
[EventRounds "9"]
[EventCountry "USA"]

1. e4 c5 2. c3 Nf6 3. e5 Nd5 4. Nf3 Nc6 5. Bc4 Nb6 6. Bb3 d5 7. exd6 Qxd6 8.
Na3 a6 9. O-O Bf5 10. d4 cxd4 11. Nxd4 Nxd4 12. cxd4 e6 13. Qf3 Qc6 14. Qxc6+
bxc6 15. Nc4 Nxc4 16. Bxc4 Bd6 17. Bd2 a5 18. Rac1 Kd7 19. Bb3 a4 20. Bc2 Bxc2
21. Rxc2 Rhb8 22. Rd1 Rb5 23. Kf1 Rab8 24. Bc1 Be7 25. Rd3 Bf6 26. Ke2 Rb4 27.
Ke3 R8b5 28. a3 Rb3 29. g3 Bxd4+ 30. Ke2 Rxd3 31. Kxd3 c5 32. Kc4 Kc6 0-1

[Event "49th Continental Open"]
[Site "Sturbridge, MA"]
[Date "2019.08.16"]
[Round "3.4"]
[White "Kiewra, Keaton"]
[Black "Nyzhnyk, Illya"]
[Result "1/2-1/2"]
[WhiteElo "2360"]
[BlackElo "2666"]
[PlyCount "64"]
[EventDate "2019.08.??"]
[EventType "swiss"]
[EventRounds "9"]
[EventCountry "USA"]

1. Nf3 Nf6 2. c4 g6 3. Nc3 Bg7 4. e4 d6 5. d4 O-O 6. Be2 Bg4 7. Be3 Nfd7 8. Ng1
Bxe2 9. Ngxe2 c5 10. O-O cxd4 11. Nxd4 Nc6 12. Rc1 a6 13. Qd2 Nde5 14. b3 Ng4
15. Nxc6 bxc6 16. Bg5 h6 17. Bh4 Re8 18. h3 Nf6 19. f4 Qa5 20. Rf3 Rad8 21. Rd1
Nd7 22. Na4 Qc7 23. Rd3 Nf8 24. e5 Ne6 25. exd6 Rxd6 26. Rxd6 Qxd6 27. Qxd6
exd6 28. Rxd6 Nxf4 29. Kf1 Re6 30. Rxe6 Nxe6 31. Bf2 Bf8 32. Nb2 f6 1/2-1/2

[Event "49th Continental Open"]
[Site "Sturbridge, MA"]
[Date "2019.08.15"]
[Round "3"]
[White "Escalante Ramirez, Brian Sebasti"]
[Black "Azarov, Sergei"]
[Result "0-1"]
[WhiteElo "2452"]
[BlackElo "2589"]
[PlyCount "53"]
[EventDate "2019.08.??"]
[EventType "swiss"]
[EventRounds "9"]
[EventCountry "USA"]

1. e4 e5 2. Nf3 Nc6 3. d4 exd4 4. Nxd4 Nf6 5. Nxc6 bxc6 6. e5 Qe7 7. Qe2 Nd5 8.
c4 Nb6 9. Nc3 Qe6 10. Bd2 Bb7 11. O-O-O Ba6 12. b3 Ba3+ 13. Kc2 O-O 14. Qe4 f5
15. Qd4 d6 16. exd6 cxd6 17. Be2 Qg6 18. Bf3 d5 19. cxd5 cxd5 20. Nxd5 Rfd8 21.
Bc1 f4+ 22. Be4 Rac8+ 23. Kb1 Rxd5 24. Bxg6 Rxc1+ 25. Rxc1 Rxd4 26. Rc7 hxg6
27. Rxa7 0-1